000 00990nac a22002771i 4500
003 EG-ScBUE
005 20250618091919.0
008 250618t1968 maua f b 000 0 eng d
020 _a0262550040
040 _aEG-ScBUE
_beng
_erda
_cEG-ScBUE
_dEG-ScBUE
082 0 4 _a539.75
_bEDE
_222
100 1 _aEder, Gernot,
_eauthor.
245 1 0 _aNuclear forces :
_bintroduction to theoretical nuclear physics /
_cby Gernot Eder ; translated by Irving Kaplan.
264 1 _aCambridge, Mass. :
_bM.I.T. Press,c.,
_c[1968]
264 4 _cc1968
300 _aix, 349 pages :
_billustrations ;
_c24 cm
336 _2rdacontent
_atext
_btxt
337 _aunmediated
_2rdamedia
_bn
338 _avolume
_bnc
_2rdacarrier
504 _aIncludes bibliographical references.
546 _aText in English ; translated from the original Russian language.
650 7 _aNuclear forces (Physics)
_2BUEsh
655 _vReading book
700 1 _aKaplan, Irving,
_etranslator.
942 _cBB
_2ddc
999 _c7647
_d7647